000 00550nam a22002177a 4500
001 36715
003 UA-OsUOA
005 20220717143230.0
007 ta
008 20060210b un ||||| |||| 00| 0 ukr d
040 _aUA-OsUOA
_brus
_cUA-OsUOA
_dUA-OsUOA
041 _arus
080 _a29(038)
090 _a29(038)
_bИ87
245 _aИслам
_bкраткий справочник
260 _aМ.
_bНаука
_c1983
300 _a159 с.
650 7 _a29 Нехристиянські релігії
_2UDC
942 _cBK
_2udc
955 _a2
999 _c322953
_d322953